LEADER 01473nam 2200373 n 450 001 996388841403316 005 20221107142349.0 035 $a(CKB)1000000000638778 035 $a(EEBO)2248545141 035 $a(UnM)99852243 035 $a(EXLCZ)991000000000638778 100 $a19920427d1635 uy | 101 0 $aeng 135 $aurbn||||a|bb| 200 00$aGood conscience, or, A treatise shevving the nature, meanes, markes, benefit, and necessitie thereof. By Ier: Dyke, minister of Gods Word at Epping in Essex$b[electronic resource] 205 $aThe sixth edition corrected. 210 $aLondon $cPrinted by A. M[athewes] for Robert Milbourne$d1635 215 $a[10], 67, 70-134, 137-279, [1] p 300 $aPrinter's name from STC. 300 $aPages 68, 69, 135, 136 missing in number only; text unaffected. 300 $aAlso issued as part of "Two treatises". (STC 7428). 300 $aReproduction of the original in the Cambridge University Library. 330 $aeebo-0021 606 $aConscience$vEarly works to 1800 615 0$aConscience 700 $aDyke$b Jeremiah$f1584-1639.$01001094 801 0$bCu-RivES 801 1$bCu-RivES 801 2$bCStRLIN 801 2$bWaOLN 906 $aBOOK 912 $a996388841403316 996 $aGood conscience, or, A treatise shevving the nature, meanes, markes, benefit, and necessitie thereof. By Ier: Dyke, minister of Gods Word at Epping in Essex$92394076 997 $aUNISA LEADER 01580nas 2200505-a 450 001 996206149803316 005 20240413024336.0 011 $a1751-7648 035 $a(DE-599)ZDB2037313-2 035 $a(CKB)111006902712096 035 $a(CONSER)--2002227101 035 $a(EXLCZ)99111006902712096 100 $a20001011a19999999 --- a 101 0 $aeng 181 $ctxt$2rdacontent 182 $cc$2rdamedia 183 $acr$2rdacarrier 200 10$aStructural concrete $ejournal of the FIB 210 $aLondon $cThomas Telford 215 $a1 online resource 300 $aRefereed/Peer-reviewed 311 $aPrint version: Structural concrete (London, England) (DLC) 2002227101 (OCoLC)45155006 1464-4177 531 $aSTRUCT CONCR 531 $aSTRUCT CONCRETE 531 $aSTRUCT. CONCR 606 $aConcrete construction$vPeriodicals 606 $aConcrete$vPeriodicals 606 $aConstruction en béton armé$vPériodiques 606 $aBéton armé$vPériodiques 606 $aConcrete$2fast$3(OCoLC)fst00874126 606 $aConcrete construction$2fast$3(OCoLC)fst00874261 608 $aPeriodicals.$2fast 615 0$aConcrete construction 615 0$aConcrete 615 6$aConstruction en béton armé 615 6$aBéton armé 615 7$aConcrete. 615 7$aConcrete construction. 676 $a624.1834105 712 02$aFédération internationale du béton. 906 $aJOURNAL 912 $a996206149803316 920 $aexl_impl conversion 996 $aStructural concrete$9881236 997 $aUNISA